El Torno de Ramalleras / por J. P. R.
Publicado:
San Jorge, núm. 12 (octubre 1953), pàg 74 - 75 :
MARC
| LEADER | 00000nam a2200000Ia 4500 | ||
|---|---|---|---|
| 008 | 160829s9999 xx 000 0 cat d | ||
| 100 | |a Pérez Rodríguez, Julián |9 29801 | ||
| 245 | |a El Torno de Ramalleras / por J. P. R. | ||
| 260 | |a San Jorge, núm. 12 (octubre 1953), pàg 74 - 75 | ||
| 650 | 0 | |a Infants abandonats |9 54822 |z Barcelona (Catalunya) | |
| 650 | 0 | |a Centres d'acolliment d'infants i adolescents |9 54823 |z Barcelona (Catalunya) | |
| 651 | 0 | |a Raval (Barcelona, Catalunya : Barri) |9 54454 | |
| 901 | |a Arxiu | ||
| 942 | |n 1 |2 udc |c ART | ||
| 952 | |0 0 |1 0 |4 0 |6 REV508 |7 1 |9 64476 |a Arxiu |b Arxiu |d 2022-11-30 |o Rev-508 |r 2022-11-30 00:00:00 |w 2022-11-30 |y ARXIU |z També disponible a Rev-522 | ||
| 999 | |c 48803 |d 48803 | ||